000 00515nam a2200145Ia 4500
008 220217s9999 xx 000 0 und d
245 0 _aMethods of testing vulcanized rubber. Part A 49. Determination of temperature rise and resistance to fatigue in flexometer testing. (Basic principles).
260 _c1984
500 _aStandard number: BS 903 Part A 49 ISO 4666/1; 1982
650 _aFatigue resistance
650 _aFlexometer testing
650 _aTemperature
650 _aVulcanized rubber
942 _cST
999 _c73194
_d73194